Entry Personal Name
Number of records used in: 1
001 - CONTROL NUMBER
003 - CONTROL NUMBER IDENTIFIER
005 - DATE AND TIME OF LATEST TRANSACTION
- control field:
20231229135551.0
008 - FIXED-LENGTH DATA ELEMENTS
- fixed length control field:
870723n| acannaab| |a aaa |||
010 ## - LIBRARY OF CONGRESS CONTROL NUMBER
- LC control number:
n 85104227
040 ## - CATALOGING SOURCE
- Original cataloging agency:
DLC
- Transcribing agency:
DLC
- Modifying agency:
DLC
100 10 - HEADING--PERSONAL NAME
- Personal name:
Arora, R. C.,
- Dates associated with a name:
1933-
400 10 - SEE FROM TRACING--PERSONAL NAME
- Personal name:
Arora, Ramesh Chandra,
- Dates associated with a name:
1933-
400 00 - SEE FROM TRACING--PERSONAL NAME
- Personal name:
Ramesh Chandra Arora,
- Dates associated with a name:
1933-
400 10 - SEE FROM TRACING--PERSONAL NAME
- Personal name:
Arorā, Rameśa Candra,
- Dates associated with a name:
1933-
400 00 - SEE FROM TRACING--PERSONAL NAME
- Personal name:
Rameśa Candra Arorā,
- Dates associated with a name:
1933-
670 ## - SOURCE DATA FOUND
- Source citation:
Arora, R. Distributive justice and development, c1987:
- Information found:
t.p. (R.C. Arora) jkt. (b. 1933; M.A. deg. in pub. admin. fr. England; mem. of Ind.Administrative Service)
670 ## - SOURCE DATA FOUND
- Source citation:
New Delhi MARC file, 6/25/87
- Information found:
(hdgs.: Arora, R.C., 1933- ; Arora, Ramesh Chandra, 1933- ; usage: R.C. Arora)
670 ## - SOURCE DATA FOUND
- Source citation:
Ltr. fr. auth., 8/3/1976
- Information found:
(Arorā, Rameśa Candra; Arora, Ramesh Chandra; b. 9/27/1933)